Numerické metody matematické analýzy

Guardado en:
Detalles Bibliográficos
Autor principal: Přikryl, Petr
Formato: Libro
Lenguaje:checo
Publicado: Praha Státní nakladatelství technické literatury 1985
Colección:Matematika pro vysoké školy technické sešit 24
Etiquetas: Agregar Etiqueta
Sin Etiquetas, Sea el primero en etiquetar este registro!

MARC

LEADER 00000nam a2200000 4500
001 c109054
005 20221220082038.5
041 0 |a cze 
044 |a CZ 
245 1 0 |a Numerické metody matematické analýzy  |c Petr Přikryl 
264 1 |a Praha  |b Státní nakladatelství technické literatury  |c 1985 
300 |a 187 s. 
490 1 |a Matematika pro vysoké školy technické  |v sešit 24 
830 0 |a Matematika pro vysoké školy technické  |v sešit 24 
100 1 |a Přikryl, Petr